|
|
|
|
| LEADER |
01480nam a2200385 a 4500 |
| 001 |
EBC712332 |
| 003 |
MiAaPQ |
| 005 |
20200520144314.0 |
| 006 |
m o d | |
| 007 |
cr cn||||||||| |
| 008 |
110706s1997 enka sb 001 0 eng d |
| 020 |
|
|
|z 1855751283
|
| 020 |
|
|
|z 9781855751286
|
| 020 |
|
|
|a 9781849402279 (electronic bk.)
|
| 035 |
|
|
|a (MiAaPQ)EBC712332
|
| 035 |
|
|
|a (Au-PeEL)EBL712332
|
| 035 |
|
|
|a (CaPaEBR)ebr10477632
|
| 035 |
|
|
|a (CaONFJC)MIL312519
|
| 035 |
|
|
|a (OCoLC)729167083
|
| 040 |
|
|
|a MiAaPQ
|c MiAaPQ
|d MiAaPQ
|
| 050 |
|
4 |
|a HD58.8
|b .H84 1997
|
| 100 |
1 |
|
|a Huffington, Claire.
|
| 245 |
1 |
0 |
|a Manual of organizational development
|h [electronic resource] :
|b the psychology of change /
|c Clare Huffington, Carol Cole, & Halina Brunning.
|
| 260 |
|
|
|a London :
|b Karnac Books,
|c 1997.
|
| 300 |
|
|
|a xiii, 97 p. :
|b ill.
|
| 500 |
|
|
|a Based on The change directory : The British Psychological Society, 1990.
|
| 504 |
|
|
|a Includes bibliographical references and index.
|
| 533 |
|
|
|a Electronic reproduction. Ann Arbor, MI : ProQuest, 2015. Available via World Wide Web. Access may be limited to ProQuest affiliated libraries.
|
| 650 |
|
0 |
|a Organizational change.
|
| 650 |
|
0 |
|a Organizational change
|x Psychological aspects.
|
| 655 |
|
4 |
|a Electronic books.
|
| 700 |
1 |
|
|a Cole, Carol.
|
| 700 |
1 |
|
|a Brunning, Halina.
|
| 710 |
2 |
|
|a ProQuest (Firm)
|
| 856 |
4 |
0 |
|u https://ebookcentral.proquest.com/lib/matrademy/detail.action?docID=712332
|z Click to View
|